000 00731nam a2200265Ia 4500
003 OSt
005 20221006154109.0
006 a|||||r|||| 00| 0
007 ta
008 221006b |||||||| |||| 00| 0 jpn d
020 _c¥780
024 _a34,407
037 _bGift, Japan Foundation
_cTextual
040 _aEASL
_cEASL
_bjpn
041 _2jpn
_ajpn
082 _aY:1.42, N0
100 _aFuruhashi Nobuyoshi
_9666616
245 0 _aKodai no henai seikatsu
260 _aTokyo
_bNihon Hoso Shuppansha Japan
_c1990
300 _a234p.
_ccm.
490 _v JL
_aNHK Books 536
650 _aJL
942 _hY:1.42, N0
_cTEXL
_2CC
999 _c1102493
_d1102493